000 00249nam a2200097Ia 4500
001 726291
005 20250826163426.0
008 250824s9999 xx 000 0 und d
245 0 _aESRARENGİZ KOMŞU
_cSİLKE LAMBECK
260 _bGÜNIŞIĞI KİTAPLIĞI
999 _c726291
_d726291